Návrh, ktorý predpokladá referendum? Koaličná rada sa dohodla o návrhu tabuľového zákona

Bibliographic Details
Format: Article
Language:Slovak
Subjects:

MARC

LEADER 00000nab a2200000 a 4500
001 vtls000520143
003 SK-MaSNL
005 20260426072312.0
008 150205c1994 xo 0 slo
015 |a SNBRB19rr/mm-uuuuu 
035 |a CL0520281 
040 |a SNKBUCL  |b slo  |c SNKBUCL  |e AACR2 
041 0 |a slo 
044 |a xo  |c SK 
080 |a 329.051(437.6)  |2 1981 
245 0 0 |a Návrh, ktorý predpokladá referendum?  |b Koaličná rada sa dohodla o návrhu tabuľového zákona 
650 0 7 |a vnútorná politika  |2 snkbucl  |9 970 
651 7 |a Slovensko  |2 snkbucl  |9 14231 
655 7 |a články z novín a časopisov  |2 snkbucl  |9 267496 
773 0 |t Slovenská republika  |g Roč. 1, č. 33 (18. 6. 1994), s. 2 
850 |a Slovenská národná knižnica v Martine  |a MTA001 
852 |a SNK  |b KIS3GCP 
958 |a RK 
992 |a RBX 
999 |c 2687213  |d 2689143